| 000 | 00371nam a2200145Ia 4500 | ||
|---|---|---|---|
| 008 | 230917s9999||||xx |||||||||||||| ||und|| | ||
| 040 |
_e49811 _aMAIN |
||
| 041 | _aEnglish | ||
| 082 | _a200 T668H | ||
| 100 | _aToynbee, Arnold | ||
| 245 | 0 | _aHistorian's approach to religion | |
| 260 |
_aOxford _bOxford University Press _c1979 |
||
| 300 | _axiii, 340 p. | ||
| 942 | _cBK | ||
| 999 |
_c208062 _d208062 |
||